| 000 | 00562nam a2200229Ia 4500 | ||
|---|---|---|---|
| 008 | 210210b2007 xxu||||| |||| 00| 0 eng d | ||
| 020 | _a8173812217 | ||
| 041 | _aeng | ||
| 082 | _a512 KHAA | ||
| 100 | _aKHAN (Ratan Mohan) | ||
| 245 | _aAlgebra: classical, abstract, linear and boolean | ||
| 260 |
_aKolkata _bNew Central Book Agency (P) Ltd. _c2007 |
||
| 300 | _axiii,979 | ||
| 650 | _alinear | ||
| 650 | _aclassical, | ||
| 650 | _aboolean | ||
| 650 | _aand | ||
| 650 | _aAlgebra: | ||
| 650 | _aabstract, | ||
| 690 | _aAlgebra | ||
| 906 | _a064804 | ||
| 999 |
_c141778 _d141778 |
||